000 00563nam a2200169 a 4500
001 000039286
005 20250522115618.0
008 130621s2013 dr 000 0 spa d
020 _a9789945410716
040 _aDO-SdBNP
_bspa
_cBNPHU
100 1 _aPérez, Mario Emilio,
_d1935-
_922183
245 1 0 _aMujeriegos, chiviricas y pariguayos /
_cMario Emilio Pérez.
260 _aSanto Domingo :
_bLetragráfica,
_c2013.
300 _av. ;
_c23 cm.
500 _aLa biblioteca posee el v. 2
504 _aIncluye datos biográficos del autor en la solapa de la cubierta
999 _c38776
_d38776